Color Memory Match Quiz Stats

Quiz Updated May 27, 2014

Challenge
Share
Tweet
Embed
Score 0/50 Timer 01:00
3 Plays Today
% Correct
BLUE
85.3%
BLUE
84.3%
BLUE
82.5%
BLUE
81%
BLUE
75.6%
RED
74.8%
RED
72.4%
RED
71.1%
**START**
71%
RED
70.6%
GREEN
69%
GREEN
67.4%
ORANGE
67%
WHITE
66.9%
PINK
66.2%
WHITE
66.1%
GREEN
66%
YELLOW
62%
ORANGE
61.7%
ORANGE
60.4%
GREEN
60.3%
PINK
59.9%
BLUE
59.6%
WHITE
59.5%
YELLOW
59.4%
% Correct
GREEN
59.2%
PINK
58.8%
PINK
57.3%
WHITE
57.2%
RED
55.9%
YELLOW
55.5%
PINK
55.3%
YELLOW
54.2%
WHITE
54%
PINK
53.9%
YELLOW
51.1%
GREEN
47%
RED
46.5%
ORANGE
46%
YELLOW
45.3%
PINK
45.1%
WHITE
44.1%
GREEN
39.9%
ORANGE
39.8%
ORANGE
35.9%
YELLOW
33.9%
RED
32.7%
ORANGE
31.6%
BLUE
19.8%
*FINISH*
5.4%

You're not logged in!

Compare scores with friends on all Sporcle quizzes.
Join for Free
OR
Log In

You Might Also Like...

Show Comments

Extras

Top Quizzes Today


Score Distribution

Your Account Isn't Verified!

In order to create a playlist on Sporcle, you need to verify the email address you used during registration. Go to your Sporcle Settings to finish the process.

Report this User

Report this user for behavior that violates our Community Guidelines.

Details: